Fr. Conceicao Rodrigues College of Engineering

Advanced Accounts (Record no. 28559)

MARC details
000 -LEADER
fixed length control field 00261nam a2200121Ia 4500
100 ## - MAIN ENTRY--PERSONAL NAME
Personal name Shukla M.C
245 ## - TITLE STATEMENT
Title Advanced Accounts
260 ## - PUBLICATION, DISTRIBUTION, ETC.
Name of publisher, distributor, etc. S.Chand & Co. Ltd.
Place of publication, distribution, etc. New Delhi
300 ## - PHYSICAL DESCRIPTION
Extent 1382
546 ## - LANGUAGE NOTE
Language note ENGLISH
654 ## - SUBJECT ADDED ENTRY--FACETED TOPICAL TERMS
Focus term Advanced Accounts
942 ## - ADDED ENTRY ELEMENTS (KOHA)
Koha item type BOOK
Holdings
Withdrawn status Lost status Damaged status Not for loan Collection Home library Current library Shelving location Date acquired Total Checkouts Full call number Barcode Date last seen Price effective from Koha item type
        AFT Fr. Agnel's C.Rodrigues College of Engineering Fr. Agnel's C.Rodrigues College of Engineering   17/03/2023   AFT7149 17/03/2023 17/03/2023 BOOK